000
00256nam a2200097Ia 4500
005
20251222114354.0
008
251222s1900||||xx |||||||||||||| ||spa||
082
_a
DVD0010/L48
245
0
_a
HabĂa una vez en el oeste :Once upon a time in the west
942
_c
DVD
999
_c
1375
_d
1375